00903nam a22002057a 4500999001700000003000900017008004100026020001800067040007100085082002500156110003800181245006100219260005300280300004100333505015100374650003200525942001600557945002000573952010400593  c11595d11595AR-CdUCM190404b           ||||| |||| 00| 0 spa d  a9972-728-96-X  aMUNICIPALIDAD PROVINCIAL DEL CUSCOcBIBLIOTECA MUNICIPAL DEL CUSCO  aEP / 372.460 / bM61  aMinisterio de Educación 912839  aComunicación Integral Minka 4 :bCuaderno de Trabajo /  aLima :bCoorporación Gráfica Navarrete S. A.  a158 páginas ;bIlustracionesc27cm  a Contenido-. Elaboremos nuestro periódico mural -- Organizamos la escuela de padres -- Defendemos la vida -- Participamos en el Minka escolar...  aEducación primaria 91561  2ddccLIBROS  anomd2019-04-04  002ddc4070aSIbSIcCHILDd2019-04-04g35.00oEP / 372.460 /  M61pSI00001150r2019-04-04yLIBROS